000
00296nam a2200121Ia 4500
008
191201s2017 xx 000 0 und d
100
_a
LATHI,BP
245
0
_a
Modern Digital and Analog Communication Systems
260
_b
Oxford
_c
2017
300
_a
964
650
_a
B.Tech(ECE)
942
_2
ddc
_c
BK
999
_c
6821
_d
6821